[Event "Cappelle op 39th"]
[Site "Cappelle la Grande"]
[Date "2023.02.18"]
[Round "1"]
[White "Bellahcene, Bilel"]
[Black "De Villers, Mourad"]
[Result "1/2-1/2"]
[WhiteElo "2486"]
[BlackElo "2148"]
[PlyCount "86"]
[EventDate "2023.02.18"]
[EventType "swiss"]
[EventRounds "9"]
[EventCountry "FRA"]
[SourceTitle "CBM 213 Extra"]
[Source "ChessBase"]
[SourceDate "2023.05.31"]
[SourceVersion "1"]
[SourceVersionDate "2023.05.31"]
[SourceQuality "1"]

1. e4 c5 2. Nc3 Nc6 3. Bb5 Nd4 4. Nf3 g6 5. Nxd4 cxd4 6. Ne2 Bg7 7. 0-0 a6 8. Ba4 b5 9. Bb3 Bb7 10. d3 d5 11. f3 e6 12. Qe1 Ne7 13. Qh4 0-0 14. Bg5 Re8 15. Kh1 Qd6 16. Bf6 e5 17. Bxg7 Kxg7 18. f4 f6 19. fxe5 fxe5 20. c3 dxc3 21. Nxc3 Rf8 22. exd5 Bxd5 23. Nxd5 Nxd5 24. Qe4 Nf6 25. Qb7+ Qd7 26. Qb6 Qxd3 27. Rad1 Ng4 28. Rfe1 Qf5 29. Kg1 Rf6 30. Qc7+ Kh6 31. Qc1+ Qf4 32. h3 Qxc1 33. Rxc1 Nf2 34. Bc2 e4 35. Bxe4 Nxe4 36. Rxe4 Raf8 37. Rc7 R8f7 38. Rxf7 Rxf7 39. Re6 Ra7 40. Kf2 Rc7 41. Kf3 Rc2 42. Re2 Rxe2 43. Kxe2 Kg5 1/2-1/2

[Event "Tetraktys Concept Mgmt"]
[Site "Europe Echecs INT"]
[Date "2021.06.06"]
[Round "2"]
[White "De Villers, Mourad"]
[Black "Praggnanandhaa, Rameshbabu"]
[Result "0-1"]
[WhiteElo "2142"]
[BlackElo "2608"]
[PlyCount "64"]
[EventDate "2021.06.06"]
[EventType "swiss (blitz)"]
[EventRounds "11"]
[EventCountry "FRA"]
[SourceTitle "CBM 202 Extra"]
[Source "ChessBase"]
[SourceDate "2021.07.31"]
[SourceVersion "1"]
[SourceVersionDate "2021.07.31"]
[SourceQuality "1"]

1. c4 Nf6 2. g3 g6 3. Bg2 Bg7 4. Nf3 0-0 5. b3 Ne4 6. d4 c5 7. Bb2 Qa5+ 8. Nfd2 Nxd2 9. Nxd2 cxd4 10. 0-0 Nc6 11. Nf3 e5 12. a3 d6 13. b4 Qb6 14. Rc1 Bg4 15. h3 Bf5 16. Qd2 Rad8 17. Rfd1 Rfe8 18. c5 dxc5 19. Rxc5 e4 20. Nh4 Bc8 21. Qf4 d3 22. Bxg7 dxe2 23. Re1 Kxg7 24. Rxe2 Nd4 25. Re1 Ne6 26. Qc1 Nxc5 27. bxc5 Qf6 28. Bxe4 Re7 29. Bg2 Rde8 30. Rxe7 Rxe7 31. Nf3 Bd7 32. Nd4 Qxd4 0-1

[Event "Tetraktys Concept Mgmt"]
[Site "Europe Echecs INT"]
[Date "2021.06.06"]
[Round "4"]
[White "De Villers, Mourad"]
[Black "Rakotomaharo, Fy Antenaina"]
[Result "0-1"]
[WhiteElo "2142"]
[BlackElo "2435"]
[PlyCount "36"]
[EventDate "2021.06.06"]
[EventType "swiss (blitz)"]
[EventRounds "11"]
[EventCountry "FRA"]
[SourceTitle "CBM 202 Extra"]
[Source "ChessBase"]
[SourceDate "2021.07.31"]
[SourceVersion "1"]
[SourceVersionDate "2021.07.31"]
[SourceQuality "1"]

1. c4 e5 2. g3 c6 3. d4 e4 4. Bg2 d5 5. Nh3 h6 6. 0-0 Nf6 7. Nc3 Be7 8. Bf4 0-0 9. Be5 Ng4 10. cxd5 cxd5 11. Nf4 e3 12. Nfxd5 exf2+ 13. Kh1 Nc6 14. Bf4 Bg5 15. h3 Bxf4 16. gxf4 Qh4 17. e4 Ne3 18. Qe2 Nxg2 0-1

[Event "Europe Echecs Blitz May op"]
[Site "Europe Echecs INT"]
[Date "2021.05.09"]
[Round "7"]
[White "Chalmel, Jean Hubert"]
[Black "De Villers, Mourad"]
[Result "0-1"]
[WhiteElo "1726"]
[BlackElo "2142"]
[PlyCount "26"]
[EventDate "2021.05.09"]
[EventType "swiss (blitz)"]
[EventRounds "11"]
[EventCountry "FRA"]
[SourceTitle "CBM 202 Extra"]
[Source "ChessBase"]
[SourceDate "2021.07.31"]
[SourceVersion "1"]
[SourceVersionDate "2021.07.31"]
[SourceQuality "1"]

1. d4 Nf6 2. c4 c5 3. Nf3 g6 4. Nc3 cxd4 5. Nxd4 Nc6 6. e3 Bg7 7. Be2 0-0 8. 0-0 d5 9. cxd5 Nxd5 10. Nxd5 Qxd5 11. Nxc6 Qxc6 12. Rb1 Bf5 13. Bd3 Rfd8 0-1

[Event "Cappelle Online Blitz op"]
[Site "Europe Echecs INT"]
[Date "2021.03.07"]
[Round "10"]
[White "De Villers, Mourad"]
[Black "Devallee, Jeremie"]
[Result "1-0"]
[WhiteElo "2142"]
[BlackElo "2220"]
[PlyCount "63"]
[EventDate "2021.03.07"]
[EventType "swiss (blitz)"]
[EventRounds "11"]
[EventCountry "FRA"]
[SourceTitle "CBM 201 Extra"]
[Source "ChessBase"]
[SourceDate "2021.05.31"]
[SourceVersion "1"]
[SourceVersionDate "2021.05.31"]
[SourceQuality "1"]

1. c4 c5 2. g3 Nf6 3. Bg2 d5 4. cxd5 Nxd5 5. Nc3 Nc7 6. d3 Nc6 7. Bxc6+ bxc6 8. Qa4 Bd7 9. Nf3 f6 10. 0-0 e5 11. Be3 Ne6 12. Rac1 Nd4 13. Nd2 Be7 14. Rfe1 0-0 15. Nce4 Qb6 16. b3 Be6 17. Qa3 Rfd8 18. Bxd4 Rxd4 19. Nxc5 a5 20. Rc2 f5 21. Na4 Qb7 22. Qc1 Rc8 23. Nc5 Bxc5 24. Rxc5 Rd5 25. Nf3 Qe7 26. Rc3 Qd6 27. Qc2 e4 28. Ng5 Bd7 29. dxe4 fxe4 30. Nxe4 Qg6 31. Re3 Bf5 32. Qc4 1-0

[Event "Cappelle Online Blitz op"]
[Site "Europe Echecs INT"]
[Date "2021.03.07"]
[Round "11"]
[White "Rakotomaharo, Fy Antenaina"]
[Black "De Villers, Mourad"]
[Result "1-0"]
[WhiteElo "2429"]
[BlackElo "2142"]
[PlyCount "53"]
[EventDate "2021.03.07"]
[EventType "swiss (blitz)"]
[EventRounds "11"]
[EventCountry "FRA"]
[SourceTitle "CBM 201 Extra"]
[Source "ChessBase"]
[SourceDate "2021.05.31"]
[SourceVersion "1"]
[SourceVersionDate "2021.05.31"]
[SourceQuality "1"]

1. e4 c5 2. Nf3 g6 3. c3 d5 4. e5 Bg7 5. d4 cxd4 6. cxd4 Nh6 7. h3 0-0 8. Nc3 Bf5 9. Be3 Nc6 10. Qd2 f6 11. Bxh6 fxe5 12. Bxg7 Kxg7 13. dxe5 Be4 14. Be2 e6 15. Nxe4 dxe4 16. Qxd8 Raxd8 17. Ng5 Nd4 18. Rc1 Rf5 19. Rc7+ Kg8 20. Nxe4 Nxe2 21. Kxe2 Rxe5 22. f3 Rb5 23. Nf6+ Kf8 24. Nxh7+ Kg8 25. Nf6+ Kf8 26. b3 Rbd5 27. Nxd5 1-0

[Event "Cappelle Online Rapid op"]
[Site "Europe Echecs INT"]
[Date "2021.03.06"]
[Round "4"]
[White "De Villers, Mourad"]
[Black "Grieve, Harry"]
[Result "0-1"]
[WhiteElo "2142"]
[BlackElo "2351"]
[PlyCount "92"]
[EventDate "2021.03.06"]
[EventType "swiss (rapid)"]
[EventRounds "9"]
[EventCountry "FRA"]
[SourceTitle "CBM 201 Extra"]
[Source "ChessBase"]
[SourceDate "2021.05.31"]
[SourceVersion "1"]
[SourceVersionDate "2021.05.31"]
[SourceQuality "1"]

1. c4 f5 2. g3 Nf6 3. Bg2 g6 4. b3 Bg7 5. Bb2 0-0 6. Nf3 d6 7. d4 Nc6 8. 0-0 Ne4 9. Nbd2 Nxd2 10. Qxd2 e5 11. dxe5 dxe5 12. Qc3 Qe7 13. Rfd1 Be6 14. Rac1 Rad8 15. e3 Bf6 16. Qe1 e4 17. Nd4 Ne5 18. Nxe6 Qxe6 19. Bxe5 Qxe5 20. Rxd8 Rxd8 21. Rd1 Rd6 22. Rxd6 Qxd6 23. Qe2 h5 24. h3 Kg7 25. g4 hxg4 26. hxg4 Kh6 27. gxf5 gxf5 28. Bh3 Qe5 29. f4 exf3 30. Qxf3 Bg5 31. Kf2 Bh4+ 32. Ke2 Qb2+ 33. Kd3 Qb1+ 34. Ke2 Qxa2+ 35. Kf1 Qxb3 36. Bxf5 Qxc4+ 37. Kg2 Bg5 38. Be4 Kg7 39. Qf5 Qe2+ 40. Kh1 Qh5+ 41. Kg2 c6 42. Qe5+ Kf7 43. Qc7+ Ke6 44. Qc8+ Kd6 45. Bf3 Qg6 46. Qf8+ Be7+ 0-1

[Event "Cappelle Online Rapid op"]
[Site "Europe Echecs INT"]
[Date "2021.03.06"]
[Round "5"]
[White "Dia, Hussein"]
[Black "De Villers, Mourad"]
[Result "1-0"]
[WhiteElo "1849"]
[BlackElo "2142"]
[PlyCount "71"]
[EventDate "2021.03.06"]
[EventType "swiss (rapid)"]
[EventRounds "9"]
[EventCountry "FRA"]
[SourceTitle "CBM 201 Extra"]
[Source "ChessBase"]
[SourceDate "2021.05.31"]
[SourceVersion "1"]
[SourceVersionDate "2021.05.31"]
[SourceQuality "1"]

1. d4 Nf6 2. Bf4 g6 3. Nc3 d5 4. Nf3 Bg7 5. e3 0-0 6. Be2 h6 7. h3 c5 8. Nb5 Na6 9. c3 Nd7 10. 0-0 Re8 11. Qb3 e5 12. dxe5 Nxe5 13. Rad1 c4 14. Qc2 Bf5 15. Qc1 Nd3 16. Bxd3 Bxd3 17. Rfe1 g5 18. Bg3 Qd7 19. Nbd4 Nc5 20. b3 Be4 21. bxc4 dxc4 22. Rd2 Nd3 23. Qa3 Bf8 24. Qa5 b6 25. Qa6 Nxe1 26. Nxe1 Qb7 27. Qxc4 Rac8 28. Qe2 Rxc3 29. Nb5 Rc1 30. Kh2 Qc6 31. Nd6 Bxd6 32. Rxd6 Qc3 33. Nf3 Rc2 34. Qb5 Qc5 35. Qxe8+ Kg7 36. Be5+ 1-0

[Event "Cappelle Online Rapid op"]
[Site "Europe Echecs INT"]
[Date "2021.03.06"]
[Round "3"]
[White "Dias Huizar, Alvaro"]
[Black "De Villers, Mourad"]
[Result "1/2-1/2"]
[WhiteElo "2409"]
[BlackElo "2142"]
[PlyCount "88"]
[EventDate "2021.03.06"]
[EventType "swiss (rapid)"]
[EventRounds "9"]
[EventCountry "FRA"]
[SourceTitle "CBM 201 Extra"]
[Source "ChessBase"]
[SourceDate "2021.05.31"]
[SourceVersion "1"]
[SourceVersionDate "2021.05.31"]
[SourceQuality "1"]

1. d4 Nf6 2. Nc3 d5 3. Bg5 Nbd7 4. f3 c5 5. e3 e6 6. Nge2 Be7 7. g3 0-0 8. Bg2 Rb8 9. Bf4 Ra8 10. 0-0 a6 11. a4 b6 12. e4 dxe4 13. Nxe4 Nd5 14. Bd2 cxd4 15. Nxd4 Bc5 16. c3 e5 17. b4 exd4 18. bxc5 dxc3 19. Nxc3 Nxc5 20. Nxd5 Qxd5 21. Bb4 Qxd1 22. Rfxd1 a5 23. Bxc5 bxc5 24. Rdc1 Bd7 25. Rxc5 Rfc8 26. Rac1 Rxc5 27. Rxc5 Bxa4 28. f4 Rd8 29. Rxa5 Bb3 30. Ra8 Rxa8 31. Bxa8 g6 32. Kf2 Kg7 33. Be4 h5 34. h3 Kf6 35. g4 hxg4 36. hxg4 Ke7 37. Kg3 Kf6 38. g5+ Kg7 39. Kg4 f6 40. gxf6+ Kxf6 41. Kg3 Bc4 42. Kg4 Bb3 43. Kg3 Bc4 44. Kg4 Bb3 1/2-1/2

[Event "Cappelle Online Rapid op"]
[Site "Europe Echecs INT"]
[Date "2021.03.06"]
[Round "7"]
[White "Leroy, Serge"]
[Black "De Villers, Mourad"]
[Result "1-0"]
[WhiteElo "1287"]
[BlackElo "2142"]
[PlyCount "101"]
[EventDate "2021.03.06"]
[EventType "swiss (rapid)"]
[EventRounds "9"]
[EventCountry "FRA"]
[SourceTitle "CBM 201 Extra"]
[Source "ChessBase"]
[SourceDate "2021.05.31"]
[SourceVersion "1"]
[SourceVersionDate "2021.05.31"]
[SourceQuality "1"]

1. e4 c5 2. c3 d5 3. exd5 Qxd5 4. d4 Nf6 5. Nf3 Bg4 6. Be2 e6 7. h3 Bh5 8. Na3 cxd4 9. Nb5 Na6 10. Nbxd4 Be7 11. 0-0 0-0 12. b3 Rfd8 13. c4 Qa5 14. Qc2 Bg6 15. Qb2 Ne4 16. Be3 Bf6 17. Qc1 Rac8 18. Qe1 Qxe1 19. Rfxe1 Nb4 20. a3 Nc6 21. Nxc6 bxc6 22. Rab1 c5 23. Rbd1 Nc3 24. Rxd8+ Rxd8 25. Bxc5 a6 26. Bf1 Ne4 27. Bb6 Rc8 28. Bd3 Nc5 29. Bxg6 hxg6 30. Bxc5 Rxc5 31. Kf1 Bb2 32. a4 Rc6 33. Rb1 Bc3 34. Ke2 a5 35. Kd3 Bb4 36. Ke4 Rd6 37. Ke3 f6 38. Ke2 e5 39. Rd1 Rb6 40. Rd5 Bc3 41. Rb5 Rd6 42. c5 Rc6 43. Nd2 f5 44. Nc4 Ra6 45. Rb6 Ra7 46. Rxg6 Rc7 47. c6 e4 48. Rd6 Bb4 49. Rd5 Rxc6 50. Rxf5 Rc7 51. Re5 1-0

[Event "Cappelle Online Blitz op 1st"]
[Site "Europe Echecs INT"]
[Date "2021.01.10"]
[Round "5"]
[White "De Villers, Mourad"]
[Black "Landuyt, Eric"]
[Result "1-0"]
[WhiteElo "2142"]
[BlackElo "1880"]
[PlyCount "55"]
[EventDate "2021.01.10"]
[EventType "swiss (blitz)"]
[EventRounds "11"]
[EventCountry "FRA"]
[SourceTitle "CBM 200 Extra"]
[Source "ChessBase"]
[SourceDate "2021.03.31"]
[SourceVersion "1"]
[SourceVersionDate "2021.03.31"]
[SourceQuality "1"]

1. c4 e5 2. g3 Nf6 3. Bg2 c6 4. d4 e4 5. d5 Bb4+ 6. Bd2 Bd6 7. Nc3 Qe7 8. Bg5 0-0 9. Nxe4 Be5 10. Nc3 h6 11. Bxf6 Bxf6 12. Nf3 d6 13. 0-0 Bf5 14. e4 Bg4 15. h3 Bh5 16. Re1 Nd7 17. Qd2 Rfe8 18. Nd4 Qe5 19. dxc6 Nc5 20. cxb7 Nxb7 21. Nc6 Qc5 22. e5 dxe5 23. Nd5 Qxc4 24. Rac1 Qxa2 25. Nxf6+ gxf6 26. Qxh6 Bg6 27. Rcd1 Nc5 28. Bd5 1-0

[Event "Cappelle Online Blitz op 1st"]
[Site "Europe Echecs INT"]
[Date "2021.01.10"]
[Round "7"]
[White "De Villers, Mourad"]
[Black "Mendez Machado, Andre"]
[Result "1-0"]
[WhiteElo "2142"]
[BlackElo "1651"]
[PlyCount "87"]
[EventDate "2021.01.10"]
[EventType "swiss (blitz)"]
[EventRounds "11"]
[EventCountry "FRA"]
[SourceTitle "CBM 200 Extra"]
[Source "ChessBase"]
[SourceDate "2021.03.31"]
[SourceVersion "1"]
[SourceVersionDate "2021.03.31"]
[SourceQuality "1"]

1. c4 e5 2. g3 Nf6 3. Bg2 d5 4. cxd5 Nxd5 5. Nf3 Nc6 6. 0-0 f6 7. d4 e4 8. Ne1 f5 9. f3 Nf6 10. e3 Be7 11. Qb3 Qd6 12. fxe4 fxe4 13. Nc3 Be6 14. d5 Bxd5 15. Nxd5 Qxd5 16. Qxd5 Nxd5 17. Bxe4 0-0-0 18. Nc2 Bf6 19. Rb1 h6 20. Bd2 Rhe8 21. Bf5+ Kb8 22. e4 Nb6 23. Bc3 Ne5 24. Rbd1 Rxd1 25. Rxd1 Nbc4 26. b3 Nd6 27. Kg2 a6 28. Re1 Nxf5 29. exf5 Re7 30. Ne3 Nc6 31. Bxf6 gxf6 32. Kf2 Kc8 33. Nd5 Rxe1 34. Kxe1 Nd4 35. g4 Nf3+ 36. Kf2 Ne5 37. Nxf6 Kd8 38. h3 Ke7 39. Ne4 Nd3+ 40. Ke3 Nc1 41. Nc3 b5 42. Kd2 b4 43. Kxc1 bxc3 44. Kc2 1-0

[Event "Cappelle Online Blitz op 1st"]
[Site "Europe Echecs INT"]
[Date "2021.01.10"]
[Round "8"]
[White "Milliet, Sophie"]
[Black "De Villers, Mourad"]
[Result "1-0"]
[WhiteElo "2390"]
[BlackElo "2142"]
[PlyCount "103"]
[EventDate "2021.01.10"]
[EventType "swiss (blitz)"]
[EventRounds "11"]
[EventCountry "FRA"]
[SourceTitle "CBM 200 Extra"]
[Source "ChessBase"]
[SourceDate "2021.03.31"]
[SourceVersion "1"]
[SourceVersionDate "2021.03.31"]
[SourceQuality "1"]

1. e4 c5 2. Nf3 g6 3. c3 d5 4. e5 Bg7 5. d4 cxd4 6. cxd4 Nh6 7. h3 0-0 8. Nc3 Bf5 9. Be3 Be4 10. Nxe4 dxe4 11. Ng5 Qa5+ 12. Qd2 Qxd2+ 13. Kxd2 Nc6 14. Bb5 Rfd8 15. Bxc6 bxc6 16. Ke2 Nf5 17. Rhd1 Rab8 18. b3 Rb4 19. Nxe4 Nxd4+ 20. Bxd4 Rbxd4 21. Rxd4 Rxd4 22. Ke3 Bxe5 23. Rc1 f5 24. Nc5 Rd5 25. Rc4 Kf7 26. f4 Bd6 27. Nd3 c5 28. Ra4 Rd4 29. Rxd4 cxd4+ 30. Kxd4 Ke6 31. b4 Kd7 32. a4 Kc6 33. Kc4 e6 34. a5 a6 35. g3 Bc7 36. h4 Bd6 37. Ne1 h6 38. Nf3 Bc7 39. Nd4+ Kd6 40. Nb3 e5 41. Nc5 exf4 42. gxf4 Ke7 43. Nd3 Kf6 44. Kc5 Bd8 45. Kc6 Ke6 46. Kb7 Bxh4 47. Kxa6 g5 48. b5 g4 49. b6 Bd8 50. Kb7 g3 51. Ne1 h5 52. a6 1-0

[Event "Geraardsbergen op 35th"]
[Site "Geraardsbergen"]
[Date "2019.08.17"]
[Round "8"]
[White "Ringoir, Tanguy"]
[Black "De Villers, Mourad"]
[Result "1-0"]
[WhiteElo "2503"]
[BlackElo "2140"]
[PlyCount "59"]
[EventDate "2019.08.14"]
[EventType "swiss"]
[EventRounds "9"]
[EventCountry "BEL"]
[SourceTitle "CBM 191 Extra"]
[Source "ChessBase"]
[SourceDate "2019.09.30"]
[SourceVersion "1"]
[SourceVersionDate "2019.09.30"]
[SourceQuality "1"]

1. d4 Nf6 2. c4 g6 3. Nc3 Bg7 4. e4 d6 5. Be2 0-0 6. Be3 Na6 7. Nf3 c6 8. Nd2 e5 9. d5 Ne8 10. g4 f5 11. gxf5 gxf5 12. exf5 cxd5 13. cxd5 Bxf5 14. Nde4 Qa5 15. Ng3 Bg6 16. a3 Rc8 17. 0-0 Nf6 18. Nb5 Bc2 19. Qd2 Qxd2 20. Bxd2 Rcd8 21. Bc4 Nc5 22. Bb4 Bb3 23. Nxd6 Bxc4 24. Nxc4 Nb3 25. Bxf8 Kxf8 26. Rad1 Nxd5 27. f4 e4 28. Nxe4 Bd4+ 29. Kh1 b5 30. Na5 1-0

[Event "Charleroi op"]
[Site "Roux"]
[Date "2019.08.03"]
[Round "9"]
[White "De Villers, Mourad"]
[Black "Abdullayev, Elshad"]
[Result "0-1"]
[WhiteElo "2140"]
[BlackElo "2204"]
[PlyCount "84"]
[EventDate "2019.07.27"]
[EventType "swiss"]
[EventRounds "9"]
[EventCountry "BEL"]
[SourceTitle "CBM 191 Extra"]
[Source "ChessBase"]
[SourceDate "2019.09.30"]
[SourceVersion "1"]
[SourceVersionDate "2019.09.30"]
[SourceQuality "1"]

1. c4 c6 2. Nf3 d5 3. g3 Nf6 4. Bg2 Bf5 5. cxd5 cxd5 6. Qb3 Qc8 7. Nc3 e6 8. d3 Nc6 9. 0-0 h6 10. Bf4 Be7 11. Ne5 g5 12. Nxc6 bxc6 13. Be5 0-0 14. e4 Bg6 15. Bxf6 Bxf6 16. f4 Rb8 17. Qc2 gxf4 18. gxf4 Bd4+ 19. Kh1 f5 20. Rae1 Rb7 21. b3 fxe4 22. dxe4 Rbf7 23. Qd2 Bg7 24. f5 Bh7 25. Rg1 d4 26. Na4 exf5 27. e5 f4 28. Bf3 c5 29. Bd5 Kh8 30. Bxf7 Rxf7 31. e6 Re7 32. Qg2 d3 33. Qd5 Bd4 34. Rg2 Bg8 35. Rg6 d2 36. Rxh6+ Rh7 37. Rxh7+ Kxh7 38. Qh5+ Kg7 39. Re4 Qa8 40. Nxc5 Bh7 41. Qg4+ Kh8 42. Qh5 Kg8 0-1

[Event "Charleroi op"]
[Site "Roux"]
[Date "2019.08.02"]
[Round "8"]
[White "Decrop, Benjamin"]
[Black "De Villers, Mourad"]
[Result "1/2-1/2"]
[WhiteElo "2183"]
[BlackElo "2140"]
[PlyCount "40"]
[EventDate "2019.07.27"]
[EventType "swiss"]
[EventRounds "9"]
[EventCountry "BEL"]
[SourceTitle "CBM 191 Extra"]
[Source "ChessBase"]
[SourceDate "2019.09.30"]
[SourceVersion "1"]
[SourceVersionDate "2019.09.30"]
[SourceQuality "1"]

1. e4 c5 2. Nf3 g6 3. d4 cxd4 4. Nxd4 Nc6 5. c4 Nf6 6. Nc3 d6 7. f3 Nxd4 8. Qxd4 Bg7 9. Be3 0-0 10. Qd2 Be6 11. Bd3 Qa5 12. Rc1 Rfc8 13. b3 a6 14. Ne2 Qd8 15. 0-0 h5 16. Kh1 Kh7 17. Bg5 Rc5 18. Be3 Rcc8 19. Bg5 Rc5 20. Be3 Rcc8 1/2-1/2

[Event "Charleroi op"]
[Site "Roux"]
[Date "2019.07.29"]
[Round "3"]
[White "De Villers, Mourad"]
[Black "Miulescu, Gabriel"]
[Result "1-0"]
[WhiteElo "2140"]
[BlackElo "2020"]
[PlyCount "105"]
[EventDate "2019.07.27"]
[EventType "swiss"]
[EventRounds "9"]
[EventCountry "BEL"]
[SourceTitle "CBM 191 Extra"]
[Source "ChessBase"]
[SourceDate "2019.09.30"]
[SourceVersion "1"]
[SourceVersionDate "2019.09.30"]
[SourceQuality "1"]

1. c4 e5 2. g3 Nf6 3. Bg2 d5 4. cxd5 Nxd5 5. Nc3 Be6 6. Nf3 Nc6 7. 0-0 Be7 8. d4 exd4 9. Nxd4 Nxd4 10. Qxd4 Nxc3 11. Qxc3 0-0 12. Bxb7 Rb8 13. Bg2 Bf6 14. Qc2 Qc8 15. e4 c5 16. Re1 Bd4 17. Bf1 Rb6 18. Bc4 Bxc4 19. Qxc4 Bxb2 20. Bxb2 Rxb2 21. Rac1 Qb7 22. a3 Rc8 23. Red1 h6 24. Rd5 Rb5 25. Rcd1 Rb1 26. Rxb1 Qxb1+ 27. Kg2 Qb6 28. Rd7 Rf8 29. Qd5 Qa5 30. Qd3 c4 31. Qxc4 Qxa3 32. e5 Qb2 33. Qd5 a6 34. h4 Qb5 35. Qxb5 axb5 36. Rb7 Re8 37. f4 h5 38. Rxb5 Ra8 39. Rb3 Ra4 40. Kf3 g6 41. g4 hxg4+ 42. Kxg4 Kg7 43. Rb7 Ra6 44. h5 gxh5+ 45. Kxh5 Kf8 46. Kg5 Rg6+ 47. Kf5 Ra6 48. Rd7 Rb6 49. Rd6 Rb4 50. Ra6 Ke7 51. Ra7+ Ke8 52. Kg5 Rb5 53. Rc7 1-0

[Event "BEL-chT 1819"]
[Site "Belgium"]
[Date "2019.03.17"]
[Round "9.3"]
[White "Vandenbussche, Thibaut"]
[Black "De Villers, Mourad"]
[Result "1-0"]
[WhiteElo "2406"]
[BlackElo "2128"]
[PlyCount "39"]
[EventDate "2018.09.30"]
[EventType "team-tourn"]
[EventRounds "11"]
[EventCountry "BEL"]
[SourceTitle "CBM 189 Extra"]
[Source "ChessBase"]
[SourceDate "2019.06.03"]
[SourceVersion "1"]
[SourceVersionDate "2019.06.03"]
[SourceQuality "1"]
[WhiteTeam "KBSK Brugge"]
[BlackTeam "Boitsfort"]
[WhiteTeamCountry "BEL"]
[BlackTeamCountry "BEL"]

1. e4 c5 2. Nf3 g6 3. c3 d5 4. e5 Bg7 5. d4 Nh6 6. Bf4 e6 7. h4 cxd4 8. cxd4 Qb6 9. Nc3 Nc6 10. Nb5 0-0 11. Qd2 Ng4 12. h5 f6 13. exf6 Nxf6 14. Bc7 Ne4 15. Qd1 Nxf2 16. Kxf2 Bxd4+ 17. Qxd4 Qxd4+ 18. Nbxd4 Nxd4 19. hxg6 hxg6 20. Bd3 1-0

[Event "BEL-chT 1819"]
[Site "Belgium"]
[Date "2019.02.03"]
[Round "6.6"]
[White "De Villers, Mourad"]
[Black "Deleyn, Gunter"]
[Result "1-0"]
[WhiteElo "2128"]
[BlackElo "2199"]
[PlyCount "63"]
[EventDate "2018.09.30"]
[EventType "team-tourn"]
[EventRounds "11"]
[EventCountry "BEL"]
[SourceTitle "CBM 189 Extra"]
[Source "ChessBase"]
[SourceDate "2019.06.03"]
[SourceVersion "1"]
[SourceVersionDate "2019.06.03"]
[SourceQuality "1"]
[WhiteTeam "Boitsfort"]
[BlackTeam "KGSRL"]
[WhiteTeamCountry "BEL"]
[BlackTeamCountry "BEL"]

1. c4 c5 2. g3 Nf6 3. Bg2 e6 4. Nf3 Be7 5. d4 cxd4 6. Nxd4 a6 7. Nc3 0-0 8. 0-0 d6 9. b3 Qc7 10. Bb2 Nbd7 11. Rc1 Re8 12. Qc2 Bf8 13. Rfd1 Ne5 14. Ne4 Nxe4 15. Qxe4 f5 16. Qc2 Bd7 17. Rd2 Nc6 18. Rcd1 Rad8 19. Ba3 Bc8 20. e4 Nxd4 21. Rxd4 e5 22. R4d2 g6 23. Qc3 b5 24. Bb4 Rd7 25. exf5 gxf5 26. Ba5 Qb8 27. c5 Rg7 28. cxd6 Bd7 29. Bd5+ Kh8 30. Bc7 Qa7 31. Bc6 b4 32. Qc2 1-0

[Event "BEL-chT 1819"]
[Site "Belgium"]
[Date "2018.10.07"]
[Round "2.7"]
[White "De Ruiter, Danny"]
[Black "De Villers, Mourad"]
[Result "1-0"]
[WhiteElo "2291"]
[BlackElo "2128"]
[PlyCount "107"]
[EventDate "2018.09.30"]
[EventType "team-tourn"]
[EventRounds "11"]
[EventCountry "BEL"]
[SourceTitle "CBM 186 Extra"]
[Source "ChessBase"]
[SourceDate "2018.08.24"]
[SourceVersion "1"]
[SourceVersionDate "2018.08.24"]
[SourceQuality "1"]
[WhiteTeam "Wachtebeke"]
[BlackTeam "Boitsfort"]
[WhiteTeamCountry "BEL"]
[BlackTeamCountry "BEL"]

1. d4 Nf6 2. c4 g6 3. Nc3 Bg7 4. e4 d6 5. Be2 0-0 6. Nf3 e5 7. 0-0 Nc6 8. d5 Ne7 9. b4 a5 10. Ba3 Nd7 11. bxa5 Rxa5 12. Bb4 Ra8 13. a4 Bh6 14. Qb3 Kh8 15. a5 f5 16. Bd3 Ng8 17. Qc2 fxe4 18. Nxe4 Ndf6 19. Bd2 Nxe4 20. Bxe4 Qe7 21. Rfb1 Ra7 22. Rb3 Bxd2 23. Qxd2 b6 24. Rba3 Rxa5 25. Rxa5 bxa5 26. Rxa5 Nf6 27. Bc2 e4 28. Qe1 Kg7 29. Ra7 h6 30. h3 Rf7 31. Nd4 Qe5 32. Nb5 Bf5 33. Rxc7 Rxc7 34. Nxc7 Qd4 35. Qf1 Qb2 36. Ba4 h5 37. Nb5 Qb4 38. Bd1 Bd7 39. Nd4 Qc3 40. Nc2 Ba4 41. Ne3 Bxd1 42. Qxd1 Nd7 43. Qb1 Nc5 44. Qb6 Qe1+ 45. Nf1 Nd3 46. Qd4+ Kf7 47. g3 Qe2 48. Qa7+ Kf6 49. Qd4+ Kf7 50. Qe3 Qe1 51. Kg2 Qxe3 52. fxe3 Kf6 53. Nd2 Ke5 54. Kf1 1-0

[Event "Charleroi op"]
[Site "Charleroi"]
[Date "2017.08.02"]
[Round "6"]
[White "Sclacmender, Julien"]
[Black "De Villers, Mourad"]
[Result "1-0"]
[WhiteElo "2261"]
[BlackElo "2152"]
[PlyCount "115"]
[EventDate "2017.07.29"]
[EventType "swiss"]
[EventRounds "9"]
[EventCountry "BEL"]
[SourceTitle "CBM 179 Extra"]
[Source "ChessBase"]
[SourceDate "2017.08.23"]
[SourceVersion "1"]
[SourceVersionDate "2017.08.23"]
[SourceQuality "1"]

1. e4 c5 2. Nf3 g6 3. d4 cxd4 4. Qxd4 Nf6 5. e5 Nc6 6. Qa4 Nd5 7. Qe4 Nb6 8. Bf4 Bg7 9. Nc3 d5 10. exd6 Bf5 11. Qe3 0-0 12. 0-0-0 exd6 13. Rxd6 Qc8 14. Bh6 Re8 15. Qd2 Bh8 16. Bb5 Bg4 17. Ng5 a6 18. Bxc6 bxc6 19. Qf4 Bf5 20. Qf3 Nd5 21. g4 Nxc3 22. bxc3 Qc7 23. Rd4 Be6 24. Ne4 Bd5 25. Nf6+ Bxf6 26. Qxf6 Qe5 27. Qxe5 Rxe5 28. Rhd1 Rae8 29. c4 Bf3 30. R1d2 c5 31. Rf4 Bc6 32. Rd6 R5e6 33. Rf6 Rxf6 34. Rxf6 Re6 35. g5 Be4 36. Kd2 Bf5 37. a3 Bh3 38. Rf3 Bf1 39. Rb3 Re8 40. Kc3 Bg2 41. Rb6 Ra8 42. Kb3 Be4 43. c3 Bd3 44. Rc6 Rb8+ 45. Ka4 Bxc4 46. Rxc5 Be6 47. Ka5 Bf5 48. a4 Bd7 49. Rc7 Rd8 50. c4 Be8 51. c5 Rd4 52. c6 Rd6 53. Rc8 Re6 54. Kb6 f6 55. gxf6 Kf7 56. Bg7 h5 57. Kb7 g5 58. Rxe8 1-0